000 00660nam a2200229 i 4500
001 bg
245 0 0 _aEuro a strategie polskich banków /
_cHanna Gronkiewicz-Waltz [et al.].
260 _aWarszawa :
_bTwigger,
_c1997.
300 _a200 s. ;
_c21 cm.
490 1 _aBiblioteka Bankowca
650 9 _aPieniądz
_xpolityka
_zPolska
_yod 1989 r.
650 9 _aPieniądz
_xpolityka
_xUnia Europejska
700 1 _aGRONKIEWICZ-WALTZ, Hanna.
830 _aBiblioteka Bankowca
020 _a8385946578
040 _cBPK
041 0 _apl
080 _a336.7.02(4-67+438)
920 _a83-85946-57-8
942 _cKS
008 s pl f |000 0 pol
999 _c33530
_d33530
856 _uhttp://koha.tu.koszalin.pl/cgi-bin/koha/opac-detail.pl?biblionumber=33530
_yKatalog online BPK